000 00845nam a2200169 4500
999 _c7642
_d7642
020 _a100256076
022 _a0566035243
050 _aZ669.3
_b.S7
100 _aRay Prytherch
245 _aStaff Training In Libraries
_bThe British Exprience
_cPrytherch Ray
260 _aEngland
_bGower Publishing Company
_c1986
300 _aix. 185 .
_c18 cm
500 _aIncludes Index
505 _aPreface List Of Contributors 1. Introduction. Ray Prytherch 2. Public library training 3. Public Library training 4. Training Provision in academic library 5. Special libraries and Information Units 6. Medical and Health Care Libraries 7. Government Libraries 8. Training in Libraries 9. Co-operative Training 10. Fieldwork and Librarianship students 11. Training in British Libraries Index
650 _aEnglish Language
942 _cBK